| 000 | 00440nam a22001577a 4500 | ||
|---|---|---|---|
| 005 | 20241205121845.0 | ||
| 008 | 241205b |||||||| |||| 00| 0 eng d | ||
| 020 | _a81-272-1843-X | ||
| 050 |
_aPE1128.A2 _bSAH |
||
| 100 | _aSahu, K. Binod; | ||
| 245 |
_aPRINCIPLES OF TEACHING ENGLISH; _bFor B.ED Students |
||
| 260 |
_aNEW DELHI _bKALYANI PUBLISHERS _cc2004 |
||
| 300 |
_a367p; _bill.; |
||
| 500 | _aINCLUDING APPENDIX | ||
| 942 |
_2lcc _cBK _n0 |
||
| 999 |
_c1973 _d1973 |
||